|
|
|
|
| LEADER |
00000naa2a2200000 4500 |
| 001 |
427471 |
| 005 |
20250619164926.0 |
| 035 |
|
|
|a (RuTPU)RU\TPU\prd\86677
|
| 090 |
|
|
|a 427471
|
| 100 |
|
|
|a 20100913d1974 k||y0rusy50 ca
|
| 101 |
0 |
|
|a rus
|
| 102 |
|
|
|a RU
|
| 200 |
1 |
|
|a Прохождение быстрых электронов через протяженные неоднородности в веществе
|f В. И. Бойко, В. В. Евстигнеев, А. Л. Плотников
|
| 320 |
|
|
|a Библиогр.: с. 517
|
| 461 |
|
1 |
|0 (RuTPU)RU\TPU\prd\33
|x 0004-7163
|t Атомная энергия
|o теоретический и научно-технический журнал
|f Российская академия наук ; Государственная корпорация "Росатом", ядерного общества России
|d 1956-
|
| 463 |
|
1 |
|t Т. 36, вып. 6
|v С. 515-517
|d 1974
|
| 610 |
1 |
|
|a труды учёных ТПУ
|
| 700 |
|
1 |
|a Бойко
|b В. И.
|c российский физик-ядерщик, доктор физико-математических наук
|c профессор Томского политехнического университета
|f 1943-
|g Владимир Ильич
|3 (RuTPU)RU\TPU\pers\21949
|4 070
|
| 701 |
|
1 |
|a Евстигнеев
|b В. В.
|4 070
|
| 701 |
|
1 |
|a Плотников
|b А. Л.
|4 070
|
| 801 |
|
1 |
|a RU
|b 63413507
|c 20100913
|
| 850 |
|
|
|a 63413507
|
| 942 |
|
|
|c CR
|